000 00603nam a2200217 i 4500
001 105525
003 ES-MaACL
007 t|
008 060721s1969 fr ||||1| fre d
080 _a330.84/.86(44)
100 1 _aMandrin, Jacques.
_975963
245 1 0 _aSocialisme ou social-médiocratie? /
_cJacques Mandrin.
260 _a[Paris] :
_bSeuil,
_c[1969]
300 _a190 p. ;
_c21 cm.
490 1 _aCombats
500 _aBiblioteca Juan Andrade.
650 1 4 _aSocialismo-
_zFrancia.
_917161
830 0 _aCombats
_9185064
852 _aES-MaACL
_jAND-333
_bR.109638
999 _c105525
_d105525